LEADER 02369nam 2200589Ia 450 001 9910455980603321 005 20200520144314.0 010 $a1-280-44528-9 010 $a0-19-154254-7 035 $a(CKB)2460000000006016 035 $a(EBL)1192585 035 $a(SSID)ssj0000312749 035 $a(PQKBManifestationID)11222633 035 $a(PQKBTitleCode)TC0000312749 035 $a(PQKBWorkID)10332299 035 $a(PQKB)10012052 035 $a(MiAaPQ)EBC1192585 035 $a(Au-PeEL)EBL1192585 035 $a(CaPaEBR)ebr10694616 035 $a(CaONFJC)MIL44528 035 $a(OCoLC)849724080 035 $a(EXLCZ)992460000000006016 100 $a20000330d2000 uy 0 101 0 $aeng 135 $aur|n|---||||| 181 $ctxt 182 $cc 183 $acr 200 14$aThe Viking-age rune-stones$b[electronic resource] $ecustom and commemoration in early medieval Scandinavia /$fBirgit Sawyer 210 $aOxford ;$aNew York $cOxford University Press$dc2000 215 $a1 online resource (292 p.) 300 $aDescription based upon print version of record. 311 $a0-19-926221-7 311 $a0-19-820643-7 320 $aIncludes bibliographical references (p. [263]-269). 330 $aThere are over 3000 runic inscriptions on stone made in Scandinavia in the late Viking Age. This book is the first attempt by a historian to study the material as a whole. The analysis reveals significant regional variations that reflect different stages in the process of conversion, and the growth of royal power. Many monuments were declarations of faith or manifestations of status; but virtually all reflect inheritance claims, and cast unexpected light on the prehistory of theinheritance customs found in later Scandinavian law codes. The results of this analysis make a significant contributi 606 $aInscriptions, Runic 606 $aVikings$xSources 607 $aScandinavia$xHistory 607 $aScandinavia$xSocial life and customs 608 $aElectronic books. 615 0$aInscriptions, Runic. 615 0$aVikings$xSources. 676 $a948/.022 700 $aSawyer$b Birgit$0934496 801 0$bMiAaPQ 801 1$bMiAaPQ 801 2$bMiAaPQ 906 $aBOOK 912 $a9910455980603321 996 $aThe Viking-age rune-stones$92104386 997 $aUNINA LEADER 01955nam 2200469 450 001 9910830508403321 005 20221018121101.0 010 $a1-119-81614-9 010 $a1-119-81613-0 010 $a1-119-81631-9 035 $a(MiAaPQ)EBC6921892 035 $a(Au-PeEL)EBL6921892 035 $a(CKB)21393296600041 035 $a(EXLCZ)9921393296600041 100 $a20221018d2022 uy 0 101 0 $aeng 135 $aurcnu|||||||| 181 $ctxt$2rdacontent 182 $cc$2rdamedia 183 $acr$2rdacarrier 200 10$aAutonomous & connected vehicles $enetwork architectures from legacy networks to automotive ethernet /$fDominique Paret and Hassina Rebaine, translated by Benjamin A. Engel 210 1$aHoboken, New Jersey :$cWiley,$d[2022] 210 4$dİ2022 215 $a1 online resource (418 pages) 300 $aIncludes index. 311 08$aPrint version: Paret, Dominique Autonomous and Connected Vehicles Newark : John Wiley & Sons, Incorporated,c2022 9781119816126 327 $aIntro -- Autonomous and Connected Vehicles -- Contents -- Foreword -- Acknowledgments -- About the Authors -- Preface -- Introduction -- 1 The Buzz about Autonomous and Connected Vehicles -- 2 Aspects Relating to Autonomous and Connected Vehicles -- 3 DAS, ADAS, HADAS, and AVs - L3, L4, L5! -- 4 Networks and Architecture -- 5 Ethernet and Automobiles -- 6 Simulations, Applications, and Software Architectures for Automobiles -- Index -- EULA. 606 $aAutomated vehicles 606 $aDriver assistance systems 615 0$aAutomated vehicles. 615 0$aDriver assistance systems. 676 $a629.2 700 $aParet$b Dominique$0629896 702 $aRebaine$b Hassina 702 $aEngel$b Benjamin A. 801 0$bMiAaPQ 801 1$bMiAaPQ 801 2$bMiAaPQ 906 $aBOOK 912 $a9910830508403321 996 $aAutonomous & connected vehicles$94119467 997 $aUNINA